Tourism : (Record no. 7147)

MARC details
000 -LEADER
fixed length control field 00649cam a22002052 4500
001 - CONTROL NUMBER
control field 0000005986
005 - DATE AND TIME OF LATEST TRANSACTION
control field 20151217152010.0
008 - FIXED-LENGTH DATA ELEMENTS--GENERAL INFORMATION
fixed length control field 070911s xx 000 0 eng d
020 ## - INTERNATIONAL STANDARD BOOK NUMBER
International Standard Book Number 0130994006 :
Terms of availability KES 4,950
040 ## - CATALOGING SOURCE
Original cataloging agency KABU
Transcribing agency KABU
100 1# - MAIN ENTRY--PERSONAL NAME
Personal name Wall, Geoffrey.
-- 0000157316
245 10 - TITLE STATEMENT
Title Tourism :
Remainder of title change, impacts and opportunities /
Statement of responsibility, etc. Geoffrey Wall and Alister Mathieson.
260 ## - PUBLICATION, DISTRIBUTION, ETC. (IMPRINT)
Place of publication, distribution, etc. Harlow, England :
Name of publisher, distributor, etc. Pearson/Prentice Hall,
Date of publication, distribution, etc. 2006.
300 ## - PHYSICAL DESCRIPTION
Extent xiii, 412 p.
650 #0 - SUBJECT ADDED ENTRY--TOPICAL TERM
Topical term or geographic name as entry element Tourism.
-- 0000149683
700 1# - ADDED ENTRY--PERSONAL NAME
Personal name Mathieson, Alister.
-- 0000157317
908 ## - PUT COMMAND PARAMETER (RLIN)
Put command parameter 070911
950 ## - LOCAL HOLDINGS (RLIN)
-- 1
Holdings
Withdrawn status Lost status Source of classification or shelving scheme Not for loan Home library Current library Date acquired Total Checkouts Full call number Barcode Date last seen Price effective from Koha item type
    Library of Congress Classification   Kabarak, Main Campus Kabarak, Main Campus 17/12/2015   G155 .A1W35 005020 17/12/2015 17/12/2015 General Collection
Designed with assistance from East African Informatics Ltd